Aby cukrovka neovládla vaše dieťa 1.

Bibliographic Details
Main Author: Čurillová, Jana (Author)
Format: Article
Language:Slovak
PhysicalDescription:Obr., tab.
ISSN:1335-0919
Subjects:

MARC

LEADER 00000nab a2200000 a 4500
001 vtls000859597
003 SK-MaSNL
005 20260304132432.0
008 250429c2003 xo 0 slo
015 |a SNBRB2004/01-02713 
035 |a CLN000211219 
035 |a urn:nbn:sk:snk-ab6zek 
035 |a (uuid)5ccbe483-1132-4cc7-8206-cbbdff1ade3f 
035 |a (urnnbn)urn:nbn:sk:snk:ar-a06cf8 
035 |a (sysno)vtls000859597 
040 |a SNKBUCL  |b slo  |c SNKBUCL  |e AACR2 
041 0 |a slo 
044 |a xo  |c SK 
080 |a 616.379-008.64-053.2  |2 1997 
100 1 |a Čurillová, Jana  |4 aut  |9 1116064 
245 1 0 |a Aby cukrovka neovládla vaše dieťa  |n 1.  |c Jana Čurillová 
300 |b Obr., tab. 
504 |a Res. slov. 
650 0 7 |a diabetes mellitus závislý od inzulínu  |x dietoterapia  |x dieťa  |2 MESH  |9 1447591 
650 0 7 |a hyperglykémia  |2 MESH  |9 20349 
650 0 7 |a strava a stravovanie  |x metódy  |x dieťa  |2 MESH  |9 1447592 
650 0 7 |a inzulín  |2 snkbucl  |9 14462 
650 0 7 |a hypoglykémia  |2 MESH  |9 15385 
655 7 |a články z novín a časopisov  |2 snkbucl  |9 267496 
773 0 |t Dieťa nielen pre rodičov  |g Roč. 9, č. 6 (2003), s. 16-17  |x 1335-0919 
850 |a Slovenská národná knižnica 
852 |a Slovenská národná knižnica 
954 |a odborná, vedecká literatúra pôvodná (slovenská)  |2 lita 
958 |a article27 
958 |a MI 
958 |a OND 
958 |a EUIPO 
999 |c 2898949  |d 2900879